Music Quiz

Random Music or This or That Quiz
Score 0/20 Timer 02:00
0 Plays Today
Fun Fact True or False % Correct
Hannah Montana's birth name is Miley Cyrus???
88.5%
Everyone in ZZ Top has a beard???
71.4%
Busta Rhymes is the world's official fastest rapper???
65.8%
The guitar is the world's best selling instrument???
62.4%
James Brown had 3 Top 100 Billboard number one songs???
61.1%
Mozart was ten years old when he wrote his first piece???
58.4%
In 1976, Barry Manilow wrote and sang a chart-topping song 'I write the songs'???
55.4%
The longest song title is 159 characters (with spaces)???
55%
The Japanese national anthem is 158 verses???
54.4%
Monaco's national orchestra is larger than its army???
53.5%
Fun Fact True or False % Correct
When Madonna was 15, she got grounded for sneaking out to see David Bowie in concert???
51.5%
In 1988, Luciano Pavarotti received a record 46 curtain calls???
50.7%
Gene Simmons can speak Hungarian???
47.7%
John Lennon wrote 'Good morning, good morning' after hearing a Corn Flakes commercial???
46.5%
Termites will eat wood two times faster when listening to heavy metal???
44.3%
Stevie Wonder partially lost his sense of smell in a 1973 car crash???
41.3%
Most toilets flush in E flat???
40.4%
Before composing, Beethoven dipped his head in cold water???
40.1%
Hang On Sloopy is the official rock song of Ohio???
38.1%
Billy Crystal's childhood babysitter was Billie Holiday???
37.6%
Remove Ads.
Support Sporcle.
Get the best of Sporcle when you Go Orange. This ad-free experience offers more features, more stats, and more fun while also helping to support Sporcle. Thank you for becoming a member.

You're not logged in!

Compare scores with friends on all Sporcle quizzes.
OR
Log In

Show Comments

Extras

Top Quizzes Today


Score Distribution

Your Account Isn't Verified!

In order to create a playlist on Sporcle, you need to verify the email address you used during registration. Go to your Sporcle Settings to finish the process.

Report this User

Report this user for behavior that violates our Community Guidelines.

Details: